000 01469nam a2200373 c 4500
003 BLK
005 20220706122002.0
008 180409b bul|||||r ||||||| ||bul||
010 _aKNG00113813000
020 _a954-527-210-4
_bиздат.: Дамян Яков
040 _aBLK
041 _aBUL
_cDRU
_hHUN
080 _aБългарски език
_b811.163.2
_x(038.2)
_z811.163.2(038.2)
080 _aУнгарски език
_b811.511.141
_x(038.2)
_z811.511.141(038.2)
100 1 _aИванова, Снежинка
_eпърви автор
_9368491
700 1 _aСонди, Дьорд
_eсъавт.
_9366294
139 _aИванова, Снежинка и др.
_bИ 22
245 1 0 _aБългарско-унгарски разговорник
_cСнежинка Иванова; съавт. Дьорд Сонди.
250 _a2. прераб. изд.
257 _aBGR
260 София
_bДамян Яков
_c2003
_fСофия : Симолини-94
300 _a240 с.
_c10Х13 см
380 _a80
650 4 _aБългарски език - разговорници, българско-унгарски
_9283755
650 4 _aУнгарски език - граматика
_9283241
653 _aразговорници
653 _aбългарски език
653 _aунгарски език
852 _aЦб І 31276
856 4 _qpdf
_u
856 4 _qpdf
_u
942 _cKNG
_n0
_01
944 _aCR
_c30.06.2004
_kЦветанка_Енчева
944 _aED
_c01.07.2004
_k
999 _c108506
_d108506